Eastern Utah Libraries Catalog: Duchesne, Heber, Roosevelt, & Vernal

African elephant vs. woolly mammoth / (Record no. 406414)

MARC details
000 -LEADER
fixed length control field 01683nam a2200373 a 4500
001 - CONTROL NUMBER
control field mlg79551753
003 - CONTROL NUMBER IDENTIFIER
control field KyBuM
005 - DATE AND TIME OF LATEST TRANSACTION
control field 20250402110123.0
008 - FIXED-LENGTH DATA ELEMENTS--GENERAL INFORMATION
fixed length control field 250128s2025 mnua c b 001 0 eng d
010 ## - LIBRARY OF CONGRESS CONTROL NUMBER
LC control number 2024031716
020 ## - INTERNATIONAL STANDARD BOOK NUMBER
International Standard Book Number 9781669088707
Qualifying information hardcover
020 ## - INTERNATIONAL STANDARD BOOK NUMBER
International Standard Book Number 9781669088813
Qualifying information paperback
040 ## - CATALOGING SOURCE
Original cataloging agency KyBuM
Transcribing agency KyBuM
050 00 - LIBRARY OF CONGRESS CALL NUMBER
Classification number QL737.P98
Item number H583 2025
082 14 - DEWEY DECIMAL CLASSIFICATION NUMBER
Classification number 599.67
Edition number 15
082 04 - DEWEY DECIMAL CLASSIFICATION NUMBER
Classification number 599.67/4
Edition number 23
100 1# - MAIN ENTRY--PERSONAL NAME
Personal name Hofer, Charles.
9 (RLIN) 6019620
245 10 - TITLE STATEMENT
Title African elephant vs. woolly mammoth /
Statement of responsibility, etc by Charles C. Hofer.
246 3# - VARYING FORM OF TITLE
Title proper/short title African elephant versus woolly mammoth
260 ## - PUBLICATION, DISTRIBUTION, ETC. (IMPRINT)
Place of publication, distribution, etc North Mankato, Minn. :
Name of publisher, distributor, etc Capstone Press,
Date of publication, distribution, etc c2025.
300 ## - PHYSICAL DESCRIPTION
Extent 32 p. :
Other physical details col. ill. ;
Dimensions 24 cm.
490 0# - SERIES STATEMENT
Series statement Beastly battles
500 ## - GENERAL NOTE
General note Includes glossary.
504 ## - BIBLIOGRAPHY, ETC. NOTE
Bibliography, etc Includes bibliographical references (p. 31) and index.
505 0# - FORMATTED CONTENTS NOTE
Formatted contents note Ready...set...fight! -- Big and strong -- King of the grasslands -- Ice age ruler -- Gentle giant -- Ancient beast -- Massive teeth -- Tusk time -- Safety in numbers -- Sticking together -- Stomp! -- Big brawl -- Who's the winner?
520 ## - SUMMARY, ETC.
Summary, etc "It's a battle between two massive animals with treacherous tusks! The African elephant is today's largest land animal. But thousands of years ago, the woolly mammoth used its gigantic tusks to defend against attackers. Learn what makes these similar fearsome creatures so powerful. Then decide which one would triumph in a battle"--Provided by the publisher.
521 2# - TARGET AUDIENCE NOTE
Target audience note 4-8
Source Medialog, Inc.
521 8# - TARGET AUDIENCE NOTE
Target audience note 660
Source Lexile.
521 0# - TARGET AUDIENCE NOTE
Target audience note 2-3.
521 2# - TARGET AUDIENCE NOTE
Target audience note 4-6.
650 #7 - SUBJECT ADDED ENTRY--TOPICAL TERM
Topical term or geographic name as entry element African elephant.
Source of heading or term sears
650 #7 - SUBJECT ADDED ENTRY--TOPICAL TERM
Topical term or geographic name as entry element Woolly mammoth.
Source of heading or term sears
852 1# - LOCATION/CALL NUMBER
-- p23.49usd
Holdings
Withdrawn status Lost status Source of classification or shelving scheme Damaged status Not for loan Collection code Home library Current library Shelving location Date acquired Source of acquisition Total Checkouts Total Renewals Full call number Barcode Date last seen Date checked out Cost, replacement price Price effective from Koha item type
    Dewey Decimal Classification     Children NonFiction Wasatch County Library Wasatch County Library Main Floor Childrens Area 07/16/2025 Penworthy 3 3 E Animals Dinosaurs Hofer 34301002161349 03/05/2026 02/10/2026 23.49 07/16/2025 BOOK
This project was made possible through a grant from the Institute of Museum and Library Service administered by the Utah State Library Division.

Wasatch County Library

  • 465 East 1200 South, Heber City, Utah 84032
  • Phone 435-654-1511 | Fax 435-654-6456

Hours

  • Monday - Friday 9:30 AM - 8:00 PM
  • Saturday 9:30 AM - 1:30 PM
  • Closed Sundays and Holidays